| 000 | 00475cam a2200193 4500 | ||
|---|---|---|---|
| 001 | D9218 | ||
| 008 | 090401t1980 xxu||||| |||| 00| 0 eng d | ||
| 035 | _a(Sirsi) u94882 | ||
| 041 | _aeng | ||
| 050 | _a694.01 | ||
| 100 | _aThomas, K. | ||
| 245 | _aWhat`s new in timber | ||
| 260 |
_aAscot, Berks _bThe Institute of Building _c1980 |
||
| 300 | _a4p. ill. 30cm | ||
| 350 | _a0 | ||
| 490 |
_aSite Management Information Service _v82 |
||
| 942 | _n0 | ||
| 948 | _c04/03/1997 | ||
| 999 |
_c98210 _d98210 |
||